| 000 | 00741nam a2200229Ia 4500 | ||
|---|---|---|---|
| 001 | 1781 | ||
| 003 | GE_BSU | ||
| 008 | 181216s||||||||xx |||||||||||||| ||und|| | ||
| 020 | _a9785080372689 | ||
| 040 | _cGE_BSU | ||
| 080 | _a94(479.24) | ||
| 100 | _aГасанпы,Дж,П. | ||
| 245 | _aИстроия дипломатии Азербаиджанской республилики В 3-х томах. | ||
| 245 | _bт. 1 Внешняя политика Азербаиджанской Демократической Республики (1918-1920) | ||
| 260 | _aМосква | ||
| 260 | _bНаука | ||
| 260 | _c2010 | ||
| 300 | _a574 с. 20 cм. | ||
| 541 | _h20 л. | ||
| 653 | _aВнешняя политила | ||
| 942 | _cBK | ||
| 999 |
_c35888 _d35888 |
||